000 01763nam0a2200445 4500
001 RU\NLR\bibl\1655849
005 20250616035028.0
010 _a978-5-699-38074-9
_915000
021 _aRU
_b2010-43395
_9272д/2010
035 _a(NLR Aleph) 001647150
090 _a898657
_c898657
100 _a20100716d2010 |||y0rusy50 ca
101 1 _arus
_ceng
102 _aRU
105 _ay |||||||||
200 1 _aПро семью
_eключ к счастливому браку
_fСтивен Кендрик, Алекс Кендрик
_g[пер. с англ. Анны Болдышевой и Анастасии Завельской]
210 _aМосква
_cЭксмо
_d2010
215 _a282, [1] с.
_d20
225 1 _aЗарубежный бестселлер
225 1 _aПсихология
_eзарубежный бестселлер
225 1 _aГлавные книги о жизни
300 _aНа обл.: The love dare / Stephen & Alex Kendrick
300 _aВ вып. дан. загл.: Книга N°5. Про семью
309 _aНа тит. л. и суперобл.: Книга N°5
512 1 _6z22790
_aThe love dare
517 0 _aКнига N°5. Про семью
606 1 _aЕвангелизация
_92082319
_3RU\NLR\auth\661258340
686 _aЭ376,0
700 1 _4070
_7ca
_8rus
_aКендрик
_bС.
_f1973-
_gСтивен
_9212823
_3RU\NLR\AUTH\770212879
701 1 _aКендрик
_bА.
_gАнна
_4070
790 1 _6z22
_aKendrick
_bS.
_gStephen
_4070
790 1 _6z22
_aKendrick
_bA.
_gAlex
_4070
801 0 _aRU
_bNLR
_c20100716
_gRCR
801 1 _aRU
_bNLR
_c20100716
830 _aавт. по кн.
942 _cBOOK
980 _aNB